|
|
|
|
| LEADER |
02046nam a2200349 a 4500 |
| 001 |
12624233 |
| 008 |
091229r20062003njua b 001 0 eng d |
| 010 |
|
|
|a 2001059331
|
| 020 |
|
|
|a 0130293202
|
| 040 |
|
|
|a DLC
|c DLC
|d DLC
|d BD-DhAAL
|
| 082 |
0 |
0 |
|a 519.5
|2 21
|
| 100 |
1 |
|
|a Newbold, Paul.
|
| 245 |
1 |
0 |
|a Statistics for business and economics /
|c Paul Newbold, William L. Carlson, Betty M. Thorne.
|
| 250 |
|
|
|a 5th ed.
|
| 260 |
|
|
|a Upper Saddle River, N.J. :
|b Prentice Hall,
|c c2003.[Reprinted 2006]
|
| 300 |
|
|
|a 850 p. :
|b ill. (some col.)
|c 21 cm.
|
| 504 |
|
|
|a Includes bibliographical references and index.
|
| 541 |
1 |
|
|e 00015570
|
| 650 |
|
0 |
|a Commercial statistics.
|
| 650 |
|
0 |
|a Economics
|x Statistical methods.
|
| 650 |
|
0 |
|a Statistics.
|
| 700 |
1 |
|
|a Carlson, William L.
|q (William Lee),
|d 1938-
|
| 700 |
1 |
|
|a Thorne, Betty.
|
| 852 |
4 |
|
|a Ayesha Abed Library
|j General shelf
|
| 942 |
0 |
0 |
|0 2
|
| 999 |
|
|
|c 6515
|d 6515
|
| 952 |
|
|
|0 0
|1 0
|2 ddc
|4 1
|6 519_500000000000000_NEW_2006
|7 0
|9 6611
|a BRACUL
|b BRACUL
|c SPS
|d 2009-12-30
|g 140.00
|l 26
|m 143
|o 519.5 NEW
|p 3010015570
|r 2018-05-20
|s 2018-05-09
|t 1
|w 2009-12-30
|y BK
|x Photocopy Book. Declared as Damaged on December 10, 2023
|
| 952 |
|
|
|0 0
|1 0
|2 ddc
|4 1
|6 519_500000000000000_NEW
|7 0
|9 7757
|a BRACUL
|b BRACUL
|c SPS
|d 2010-02-03
|l 38
|m 239
|o 519.5 NEW
|p 3010016043
|r 2020-01-29
|s 2020-01-08
|t 2
|w 2010-02-03
|y BK
|
| 952 |
|
|
|0 0
|1 0
|2 ddc
|4 0
|6 519_500000000000000_NEW_2006
|7 0
|9 8817
|a BRACUL
|b BRACUL
|c GEN
|d 2010-03-28
|l 40
|m 249
|o 519.5 NEW
|p 3010015569
|r 2025-08-25
|s 2025-07-27
|t 3
|w 2010-03-28
|y BK
|
| 952 |
|
|
|0 0
|1 0
|2 ddc
|4 0
|6 519_500000000000000_NEW_2006
|7 0
|9 13852
|a BRACUL
|b BRACUL
|c GEN
|d 2011-01-13
|l 34
|m 291
|o 519.5 NEW
|p 3010015571
|q 2026-05-07
|r 2025-06-24
|s 2025-06-24
|t 4
|w 2011-01-13
|y BK
|
| 952 |
|
|
|0 0
|1 2
|2 ddc
|4 0
|6 519_500000000000000_NEW
|7 0
|9 16087
|a BRACUL
|b BRACUL
|c GEN
|d 2011-04-17
|l 7
|m 28
|o 519.5 NEW
|p 3010015572
|q 2018-03-28
|r 2013-04-12
|s 2013-04-12
|t 5
|w 2011-04-17
|y BK
|
| 952 |
|
|
|0 0
|1 0
|2 ddc
|4 0
|6 519_500000000000000_NEW_2006
|7 0
|9 17527
|a BRACUL
|b BRACUL
|c GEN
|d 2011-07-19
|l 35
|m 221
|o 519.5 NEW
|p 3010016042
|r 2025-07-27
|s 2025-07-21
|t 6
|w 2011-07-19
|y BK
|